000 00434nam a2200181Ia 4500
001 19846
005 20260306172722.0
008 260306t2006||||xx |||||||||||||| ||spa||
041 _aESP
082 _a341.2
_bD15
100 _aD´Agostino, Francesco
_eAUT
245 0 _aGiustizia:
_belementi per una teoria
260 _c2006
300 _a89 páginas :
_c21 cm.
650 _aGEN
654 _aCDE
942 _cLIB
_dJUS
_fJUS
_2ddc
_n
999 _c19846
_d19846